| 000 -LEADER |
| fixed length control field |
06043cam a22004577i 4500 |
| 001 - CONTROL NUMBER |
| control field |
20680246 |
| 003 - CONTROL NUMBER IDENTIFIER |
| control field |
ASAB |
| 005 - DATE AND TIME OF LATEST TRANSACTION |
| control field |
20260101120117.0 |
| 008 - FIXED-LENGTH DATA ELEMENTS--GENERAL INFORMATION |
| fixed length control field |
180924t20182018enka b 001 0 eng d |
| 010 ## - LIBRARY OF CONGRESS CONTROL NUMBER |
| LC control number |
2018302801 |
| 020 ## - INTERNATIONAL STANDARD BOOK NUMBER |
| International Standard Book Number |
9780128046593 |
| Qualifying information |
alk. paper |
| 020 ## - INTERNATIONAL STANDARD BOOK NUMBER |
| International Standard Book Number |
0128046597 |
| Qualifying information |
alk. paper |
| 035 ## - SYSTEM CONTROL NUMBER |
| System control number |
20680246 |
| 035 ## - SYSTEM CONTROL NUMBER |
| System control number |
(OCoLC)960895689 |
| 040 ## - CATALOGING SOURCE |
| Original cataloging agency |
YDX |
| Language of cataloging |
eng |
| Transcribing agency |
YDX |
| Description conventions |
rda |
| Modifying agency |
BDX |
| -- |
OCLCQ |
| -- |
BTCTA |
| -- |
LTSCA |
| -- |
SOI |
| -- |
OCLCF |
| -- |
DLC |
| 042 ## - AUTHENTICATION CODE |
| Authentication code |
lccopycat |
| 050 00 - LIBRARY OF CONGRESS CALL NUMBER |
| Classification number |
QD79.C45 |
| Item number |
O45 2018 |
| 082 ## - DEWEY DECIMAL CLASSIFICATION NUMBER |
| Classification number |
660.6 |
| 245 00 - TITLE STATEMENT |
| Title |
Omics technologies and bio-engineering : |
| Remainder of title |
towards improving quality of life / |
| Statement of responsibility, etc. |
edited by Debmalya Barh (Institute of Integrative Omics and Applied Biotechnology (IIOBAB), Nonakuri, Purba Medinipur, India, Laboratório de Genética Celular e Molecular, Departamento de Biologia Geral, Instituto de Ciẽncias Biológicas (ICB), Federal University of Minas Gerais, Belo Horizonte, Minas Gerais, Brazil), Vasco Azevedo (Laboratório de Genética Celular e Molecular, Departamento de Biologia Geral, Instituto de Ciẽncias Biológicas (ICB), Federal University of Minas Gerais, Belo Horizonte, Minas Gerais, Brazil). |
| 264 #1 - PRODUCTION, PUBLICATION, DISTRIBUTION, MANUFACTURE, AND COPYRIGHT NOTICE |
| Place of production, publication, distribution, manufacture |
London, United Kingdom ; |
| -- |
San Diego, CA, United States : |
| Name of producer, publisher, distributor, manufacturer |
Academic Press, |
| Date of production, publication, distribution, manufacture, or copyright notice |
[2018] |
| 264 #4 - PRODUCTION, PUBLICATION, DISTRIBUTION, MANUFACTURE, AND COPYRIGHT NOTICE |
| Date of production, publication, distribution, manufacture, or copyright notice |
©2018 |
| 300 ## - PHYSICAL DESCRIPTION |
| Extent |
xvii, 625 pages : |
| Other physical details |
illustrations ; |
| Dimensions |
25 cm |
| 336 ## - CONTENT TYPE |
| Content type term |
text |
| Content type code |
txt |
| Source |
rdacontent |
| 337 ## - MEDIA TYPE |
| Media type term |
unmediated |
| Media type code |
n |
| Source |
rdamedia |
| 338 ## - CARRIER TYPE |
| Carrier type term |
volume |
| Carrier type code |
nc |
| Source |
rdacarrier |
| 490 1# - SERIES STATEMENT |
| Series statement |
Emerging fields, animal and medical biotechnologies ; |
| Volume/sequential designation |
volume 1 |
| 504 ## - BIBLIOGRAPHY, ETC. NOTE |
| Bibliography, etc. note |
Includes bibliographical references and index. |
| 505 0# - FORMATTED CONTENTS NOTE |
| Formatted contents note |
Overview and principles of bioengineering: the drivers of Omics technologies / Dinesh Yadav, Aiman Tanveer, Neha Malviya and Sangeeta Yadav -- Omics approaches towards transforming personalized medicine / Dipali Dhawan -- Omics approaches in marine biotechnology: the treasure of ocean for human betterments / Fatima Abid, Muhammad A. Zahid, Zain U. Abedin, Syed B. Nizami, Muhammad J. Abid, Sayyada Z. Hassan Kazmi, Sami U. Khan, Humna Hasan, Mohsin Ali and Alvina Gul -- Synthetic biology: overview and applications / Rohini Keshava, Rohan Mitra, Mohan L. Gope and Rajalakshmi Gope -- Reverse engineering and its applications / Attya Bhatti, Nida A. Syed and Peter John -- Omics approaches in forensic biotechnology: looking for ancestry to offence / Syed B. Nizami, Sayyada Z. Hassan Kazmi, Fatima Abid, Mustafeez M. Babar, Aneeqa Noor, Najam-Us-Sahar S. Zaidi, Sami U. Khan, Humna Hasan, Mohsin Ali and Alvina Gul -- Biotechnology and bioengineering in astrobiology: towards a new habitat for us / Sameen R. Imadi, Mustafeez M. Babar, Sami U. Khan, Humna Hasan, Mohsin Ali and Alvina Gul -- Lab-on-a-chip technology and its applications / Burak Yilmaz and Fazilet Yilmaz -- Robotics and high-throughput techniques / Humna Hasan, Muhammad Hassan Safdar, Sana Zahid, Maria Bibi and Alvina Gul -- 3D printing technologies and their applications in biomedical science / Syeda M. Bakhtiar, Hina A. Butt, Shuja Zeb, Darrak M. Quddusi, Saima Gul and Erum Dilshad -- Next-generation sequencing and data analysis: strategies, tools, pipelines and protocols / Pablo H.C.G. De Sá, Luis C. Guimarães, Diego A. Das Graças, Adonney A. De Oliveira Veras, Debmalya Barh, Vasco Azevedo, Artur L. Da Costa Da Silva and Rommel T.J. Ramos -- Computational techniques in data integration and big data handling in Omics / Adonney A. De Oliveira Veras, Pablo H.C.G. De Sá, Kenny Da Costa Pinheiro, Debmalya Barh, Vasco Azevedo, Rommel Thiago Jucá Ramos and Artur L. Da Costa Da Silva -- Bioinformatics and systems biology in bioengineering / Joseph J. Nalluri, Debmalya Barh, Vasco Azevedo and Preetam Ghosh -- Techniques for nucleic acid engineering: the foundation of gene manipulation / Şükrü Tüzmen, Yasemin Baskin, Ayşe Feyda Nursal, Serpil Eraslan, Yağmur Esemen, Gizem Çalibaşi, Ayşe Banu Demir, Duygu Abbasoğlu and Candan Hizel -- Techniques for protein analysis / Gülay Büyükköroğlu, Devrim Demir Dora, Filiz Özdemir and Candan Hizel -- Engineering monoclonal antibodies: production and applications / Gülay Büyükköroğlu and Behiye Şenel -- Cell and tissue culture: the base of biotechnology / Onur Uysal, Tugba Sevimli, Murat Sevimli, Sibel Gunes and Ayla Eker Sariboyaci -- In Vitro and In Vivo animal models: the engineering towards understanding human diseases and therapeutic interventions / Azka Khan, Kinza Waqar, Adeena Shafique, Rija Irfan and Alvina Gul -- Medical biotechnology: techniques and applications / Phuc V. Pham -- Tissue engineering: towards development of regenerative and transplant medicine / Mustafa S. Elitok, Esra Gunduz, Hacer E. Gurses and Mehmet Gunduz -- Therapeutic aspects of stem cells in regenerative medicine / Alok Mishra and Mukesh Verma -- Genetic engineering: towards gene therapy and molecular medicine / Shailendra Dwivedi, Purvi Purohit, Yogesh Mittal, Garima Gupta, Apul Goel, Rakesh C. Verma, Sanjay Khattri, Praveen Sharma, Sanjeev Misra and Kamlesh K. Pant -- Biotechnology for biomarkers: towards prediction, screening, diagnosis, prognosis, and therapy / Dipali Dhawan -- Omics approaches in In Vitro fertilization / Aiman Tanveer, Neha Malviya and Dinesh Yadav -- Safety and ethics in biotechnology and bioengineering: what to follow and what not to / Anjana Munshi and Vandana Sharma. |
| 650 #0 - SUBJECT ADDED ENTRY--TOPICAL TERM |
| Topical term or geographic name entry element |
Gas chromatography. |
| 9 (RLIN) |
6349 |
| 650 #0 - SUBJECT ADDED ENTRY--TOPICAL TERM |
| Topical term or geographic name entry element |
Mass spectrometry. |
| 9 (RLIN) |
845 |
| 650 #0 - SUBJECT ADDED ENTRY--TOPICAL TERM |
| Topical term or geographic name entry element |
Environmental chemistry |
| General subdivision |
Technique. |
| 9 (RLIN) |
132675 |
| 650 #7 - SUBJECT ADDED ENTRY--TOPICAL TERM |
| Topical term or geographic name entry element |
Environmental chemistry |
| General subdivision |
Technique. |
| Source of heading or term |
fast |
| Authority record control number or standard number |
(OCoLC)fst00912876 |
| 9 (RLIN) |
132675 |
| 650 #7 - SUBJECT ADDED ENTRY--TOPICAL TERM |
| Topical term or geographic name entry element |
Gas chromatography. |
| Source of heading or term |
fast |
| Authority record control number or standard number |
(OCoLC)fst00938168 |
| 9 (RLIN) |
6349 |
| 650 #7 - SUBJECT ADDED ENTRY--TOPICAL TERM |
| Topical term or geographic name entry element |
Mass spectrometry. |
| Source of heading or term |
fast |
| Authority record control number or standard number |
(OCoLC)fst01011435 |
| 9 (RLIN) |
845 |
| 700 1# - ADDED ENTRY--PERSONAL NAME |
| Personal name |
Barh, Debmalya, |
| Relator term |
editor. |
| 9 (RLIN) |
132676 |
| 700 1# - ADDED ENTRY--PERSONAL NAME |
| Personal name |
Azevedo, Vasco, |
| Relator term |
editor. |
| 9 (RLIN) |
132677 |
| 830 #0 - SERIES ADDED ENTRY--UNIFORM TITLE |
| Uniform title |
Emerging fields, animal and medical biotechnologies ; |
| Volume/sequential designation |
v. 1. |
| 9 (RLIN) |
132678 |
| 906 ## - LOCAL DATA ELEMENT F, LDF (RLIN) |
| a |
7 |
| b |
cbc |
| c |
copycat |
| d |
2 |
| e |
ncip |
| f |
20 |
| g |
y-gencatlg |
| 942 ## - ADDED ENTRY ELEMENTS (KOHA) |
| Source of classification or shelving scheme |
|
| Koha item type |
Book |